02254cam a2200385 i 4500001001000000003001000010005001700020007000300037008004100040010001700081020001500098040003400113041000800147042000800155082002300163100002800186245003500214246001800249264005000267264001200317300002900329336002700358337003300385338002800418504006300446505110800509563001401617650001801631650002601649653002301675942000701698945001201705952013401717999001701851768714001CO-MdFUSB20210324102557.0ta040701t2004 oru b 000 0 eng  a 2004015517 a1590523695 aDLCcCO-MdFUSBdDLCbspaerda aeng apcc00222a241.6976bA3541 aAlcorn, Randy C.eautor10aWhy prolife? c/ Randy Alcorn.3 aWhy pro-life? 1aSisters, Or. :bMultnomah Publishers,c[2004] 4c© 2004 a136 páginas. ;c19 cm. 2rdacontentatextobtxt 2rdamediaasin mediaciónbn 2rdacarrieravolumenbnc aIncluye referencias bibliográficas (páginas. 123-136). a¿Por qué hablar sobre el aborto? - ¿Pro-mujer o pro-niño? - ¿Es el no nacido realmente un ser humano? - ¿Cuál es la diferencia entre huevo, esperma, embrión y feto? - ¿Es la parte no nacida del cuerpo de la mujer? - ¿Qué nos dicen las fotos? - ¿Qué hace que una vida humana sea "significativa"? - ¿Es el aborto realmente un problema de derechos de las mujeres? - ¿Tenemos derecho a elegir qué hacemos con nuestros cuerpos? - ¿Es el aborto parte de un derecho a la privacidad? - ¿El aborto daña la salud física y mental de una mujer? - ¿Es correcto el aborto cuando el embarazo presenta riesgos para la vida de la madre? - ¿Es correcto el aborto cuando el embarazo se debe a una violación o incesto? - ¿Qué pasa con los niños discapacitados y no deseados? - ¿El aborto previene el abuso infantil? - ¿Personalmente opuesto al aborto, pero proabortista? - ¿Qué pasa con la adopción? - ¿Puede Dios perdonar los abortos? - Problemas pro-vida: ¿distracción de la gran comisión o parte de ella? - ¿Cómo puedo ayudar a los bebés no nacidos y a sus madres? aRústico 091098a Aborto 79296aDerechos humanos aDerecho a la vida. cBK aJTF-925 00102ddc40708GENaFUSBCbFUSBCd2020-06-26l0oG 241.6976 A354wp9422r2020-06-26 00:00:00tEj.1w2020-06-26yBKk26IINV2023 c66301d66301